|
|
|
|
| LEADER |
00696nam a22001577a 4500 |
| 020 |
|
|
|a 9788126162024
|
| 082 |
|
|
|a 025.00285
|b RAM/C
|
| 100 |
|
|
|a Ram,C
|
| 245 |
|
|
|a Computer based Library Information Systems
|
| 260 |
|
|
|a New Delhi
|b Anmol
|c 2014
|
| 300 |
|
|
|a 296p.
|
| 650 |
|
|
|a Infomation sysstem-computer applications-Library and Information Science
|
| 942 |
|
|
|c BK
|
| 999 |
|
|
|c 33023
|d 33023
|
| 952 |
|
|
|0 0
|1 0
|4 0
|6 025_002850000000000_RAMC
|7 0
|8 Stack
|9 34941
|a KUCL
|b KUCL
|c Stack
|d 2015-06-18
|g 1800.00
|l 0
|o 025.00285 RAM/C
|p 39352
|r 2015-06-18
|w 2015-06-18
|y BK
|
| 952 |
|
|
|0 0
|1 0
|4 0
|6 025_002850000000000_RAMC
|7 0
|8 Stack
|9 62212
|a KUCL
|b KUCL
|c Stack
|d 2018-08-08
|g 1800.00
|l 0
|o 025.00285 RAM/C
|p 47358
|r 2018-08-08
|w 2018-08-08
|y BK
|